| 000 | 01094nam a22003017a 4500 | ||
|---|---|---|---|
| 003 | DO-SdBNP | ||
| 005 | 20221017142656.0 | ||
| 007 | ta | ||
| 008 | 221017b2021 dr ||||| |||| 00| 0 spa d | ||
| 020 | _a9789945425604 | ||
| 040 |
_aDO-SdBNP _bspa _cBNPHU |
||
| 082 | 4 | _222 | |
| 100 | 1 |
_aOlivares Grullón, Félix Damián _982520 |
|
| 245 | 1 | 0 |
_aConstitucionalización del proceso penal / _cFélix Damián Olivares Grullón ...et. ; coordinador Claudio A. Medrano ; prólogo Servio Tulio Castaño Guzmán |
| 250 | _a2a ed. | ||
| 260 |
_aSanto Domingo : _bEscuela Nacional de la Judicatura, _c2021. |
||
| 300 |
_a691 p. ; _c23 cm. |
||
| 500 | _aIncluye referencias bibliográficas y notas al pie de las páginas | ||
| 504 | _aBibliograía : p. 679-691 | ||
| 590 | _aInventariado, 2022/BT | ||
| 700 | 1 |
_aCamona Ruano, Miguel, _982521 |
|
| 700 | 1 |
_aCampo Moreno, Juan Carlos _982522 |
|
| 700 | 1 |
_aFernández Arévalo, Luis _982523 |
|
| 700 | 1 |
_aMedrano, Claudio A., _ecoord. _982524 |
|
| 700 | 1 |
_aCastaño Guzmán, Servio Tulio, _epról. _982525 |
|
| 910 | _aBtavárez | ||
| 942 |
_2ddc _cLBS1 |
||
| 999 |
_c52554 _d52554 |
||